<?xml version="1.0" encoding="UTF-8"?>
<record
    xmlns:xsi="http://www.w3.org/2001/XMLSchema-instance"
    xsi:schemaLocation="http://www.loc.gov/MARC21/slim http://www.loc.gov/standards/marcxml/schema/MARC21slim.xsd"
    xmlns="http://www.loc.gov/MARC21/slim">

  <leader>01816    a2200217   4500</leader>
  <controlfield tag="003">Nust</controlfield>
  <controlfield tag="005">20221229124535.0</controlfield>
  <datafield tag="010" ind1=" " ind2=" ">
    <subfield code="a">   77368488</subfield>
  </datafield>
  <datafield tag="020" ind1=" " ind2=" ">
    <subfield code="a">040800259X :</subfield>
  </datafield>
  <datafield tag="040" ind1=" " ind2=" ">
    <subfield code="c">Nust</subfield>
  </datafield>
  <datafield tag="082" ind1="0" ind2="0">
    <subfield code="a">621.3841,RAD</subfield>
  </datafield>
  <datafield tag="245" ind1="0" ind2="0">
    <subfield code="a">Radio, T.V. and audio technical reference book /</subfield>
    <subfield code="c">edited by S. W. Amos ; with specialist contributors.</subfield>
  </datafield>
  <datafield tag="260" ind1=" " ind2=" ">
    <subfield code="a">London ;</subfield>
    <subfield code="a">Boston :</subfield>
    <subfield code="b">Newnes-Butterworths,</subfield>
    <subfield code="c">1977.</subfield>
  </datafield>
  <datafield tag="300" ind1=" " ind2=" ">
    <subfield code="a">1133 p. in various pagings, [1] leaf of plate :</subfield>
    <subfield code="b">ill. ;</subfield>
    <subfield code="c">23 cm.</subfield>
  </datafield>
  <datafield tag="505" ind1=" " ind2=" ">
    <subfield code="a">Fundamentals Of Sound Transmission (Page-1), Fundamentals Of Television Transmission  (Page-2), Passive Components (Page-3),Transmission Lines (Page-4),Thermionic Values (Page-5),Electron Optics Cathcode-Ray Tube (Page-6),Semiconductor Devices (Page-7), Basic Electronic Circuits  (Page-8),Modern Methods (Page-9),Microphones (Page-10),Loudspeakers (Page-11), Disc Recording Ad Reproduction (Page-12), Magnetic Recording (Page-13),High-Fi delity Amplifiers (Page-14), Sound Studios (Page-15), Television Studio(Page-16), Telecine Video Tape (Page-17), Television Transmitters (Page-18), Radio Wave Protection (Page-19), Antennas (Page-20), Sound Receiver (Page-21), Black And White Television (Page-22), Colour Television (Page-23), V.H/F And U.H.F Land Mobile (Page-24), Batteries (Page-25), Rectifying And Converting (Page-26),Transmitter Power (Page-27), Test Equipment  (Page-28), Transmitter Installation (Page-29), Sound Receiver (Page-30),Television Receiver (Page-31),Tape Recorder (Page-32), Electrical Interference (Page-33), Formula And Equation (Page-34).</subfield>
  </datafield>
  <datafield tag="650" ind1=" " ind2="0">
    <subfield code="a">Radio</subfield>
    <subfield code="x">Handbooks, manuals, etc.</subfield>
    <subfield code="9">106360</subfield>
  </datafield>
  <datafield tag="650" ind1=" " ind2="0">
    <subfield code="a">Television</subfield>
    <subfield code="x">Handbooks, manuals, etc.</subfield>
    <subfield code="9">106361</subfield>
  </datafield>
  <datafield tag="651" ind1=" " ind2="0">
    <subfield code="a">Sound</subfield>
    <subfield code="x">Recording and reproducing</subfield>
    <subfield code="x">Handbooks, manuals, etc.</subfield>
    <subfield code="9">106362</subfield>
  </datafield>
  <datafield tag="700" ind1="1" ind2=" ">
    <subfield code="a">Amos, S. W.</subfield>
    <subfield code="9">57358</subfield>
  </datafield>
  <datafield tag="942" ind1=" " ind2=" ">
    <subfield code="2">ddc</subfield>
    <subfield code="c">BK</subfield>
  </datafield>
  <datafield tag="999" ind1=" " ind2=" ">
    <subfield code="c">183282</subfield>
    <subfield code="d">183282</subfield>
  </datafield>
  <datafield tag="952" ind1=" " ind2=" ">
    <subfield code="0">0</subfield>
    <subfield code="1">0</subfield>
    <subfield code="2">ddc</subfield>
    <subfield code="4">0</subfield>
    <subfield code="7">0</subfield>
    <subfield code="a">MCS</subfield>
    <subfield code="b">MCS</subfield>
    <subfield code="d">2016-12-12</subfield>
    <subfield code="o">621.388,RAD</subfield>
    <subfield code="p">MCS6819</subfield>
    <subfield code="r">2016-12-08</subfield>
    <subfield code="w">2016-12-12</subfield>
    <subfield code="y">BK</subfield>
    <subfield code="z">Almirah No.39, Shelf No.5</subfield>
  </datafield>
</record>
